RESEARCH METHODOLOGY IN EXTENSION EDUCATION (Record no. 5165)

MARC details
000 -LEADER
fixed length control field 00425nam a22001697a 4500
005 - DATE AND TIME OF LATEST TRANSACTION
control field 20160903123642.0
008 - FIXED-LENGTH DATA ELEMENTS--GENERAL INFORMATION
fixed length control field 160903b xxu||||| |||| 00| 0 eng d
020 ## - INTERNATIONAL STANDARD BOOK NUMBER
ISBN 978-81-8321-301-1
041 ## - LANGUAGE CODE
Language code of text/sound track or separate title eng
082 ## - DEWEY DECIMAL CLASSIFICATION NUMBER
Item number 20918
100 ## - MAIN ENTRY--AUTHOR NAME
Personal name DAIVADECNAM PAND SOMANI L.L.
245 ## - TITLE STATEMENT
Title RESEARCH METHODOLOGY IN EXTENSION EDUCATION
250 ## - EDITION STATEMENT
Edition statement 2nd
260 ## - PUBLICATION, DISTRIBUTION, ETC. (IMPRINT)
Name of publisher AGROTECH PUBLISHING ACADEMY
300 ## - PHYSICAL DESCRIPTION
Number of Pages 496
942 ## - ADDED ENTRY ELEMENTS (KOHA)
Koha item type Books
Holdings
Lost status Damaged status Collection code Home library Current library Shelving location Date acquired Source of acquisition Cost, normal purchase price Full call number Accession Number Copy number Koha item type
    Reference JRU Library   SHELF-28-D 03/09/2016 PURCHASE 1980.00 20918 20918 1 Books